000 00837nam a22002657a 4500
003 MX-MxINE
005 20260530115321.0
008 260520t1997 mx a|||| |||| 00| 0 spa d
020 _a9686533567
040 _aMX-MxINE
_bspa
_cMX-MxINE
_erda
041 _aspa
050 _aNK9900.7.M4
_bL33
100 _eautor
245 0 0 _aLacas mexicanas /
_cRuth Lechuga ... [y otros.] ; tr. Jen Hofer
264 _aMéxico] :
_bMuseo Franz Mayer :
_bArtes de México,
_cc1997
300 _a81 páginas :
_bilustraciones
336 _2rdacontent
_atexto
337 _2rdamedia
_asin medio
338 _2rdacarrier
_avolumen
490 _aColeccion uso y estilo ;
_v5
650 4 _aLacas y laqueado
_zMéxico
_925683
700 1 _aLechuga, Ruth D.,
_ecolaborador
_94883
700 1 _aHofer, Jean,
_etraductor
_934430
942 _2lcc
_cBK
_n1
999 _c13792
_d13792